Living the high life (Record no. 83743)

MARC details
000 -LEADER
fixed length control field 00686cab a22001935a 4500
001 - CONTROL NUMBER
control field L154899
008 - FIXED-LENGTH DATA ELEMENTS--GENERAL INFORMATION
fixed length control field 310112s2012 xxk f s 000 0 eng d
035 ## - SYSTEM CONTROL NUMBER
System control number (Sirsi) u154899
041 0# - LANGUAGE CODE
Language code of text/sound track or separate title eng
110 2# - MAIN ENTRY--CORPORATE NAME
Corporate name or jurisdiction name as entry element Bonningtons Aerial Surveys
245 00 - TITLE STATEMENT
Title Living the high life
260 ## - PUBLICATION, DISTRIBUTION, ETC.
Date of publication, distribution, etc. 2012
490 #0 - SERIES STATEMENT
Series statement Building Engineer
Volume/sequential designation 87(2) February 2012, 24-25(2)
520 ## - SUMMARY, ETC.
Summary, etc. Discusses the practicalities and advantages of using a remote controlled aerial survey quadcopter fitted with live down link video or stills cameras thereby removing the need for hydraulic platforms and scaffold.
590 ## - LOCAL NOTE (RLIN)
Local note KA
651 #4 - SUBJECT ADDED ENTRY--GEOGRAPHIC NAME
Geographic name United Kingdom
Chronological subdivision
690 ## - LOCAL SUBJECT ADDED ENTRY--TOPICAL TERM (OCLC, RLIN)
Topical term or geographic name as entry element Building surveying
9 (RLIN) 6225
942 ## - ADDED ENTRY ELEMENTS (KOHA)
Suppress in OPAC 0
Holdings
Withdrawn status Lost status Source of classification or shelving scheme Damaged status Not for loan Home library Current library Shelving location Date acquired Total Checkouts Full call number Barcode Date last seen Copy number Price effective from Koha item type
    Dewey Decimal Classification     London London Journal article 31/01/2012   L154899 154899-1001 06/08/2019 1 06/08/2019 Journal article